000 00843nam a22002177a 4500
999 _c1310
_d1310
003 AR-CdUCM
008 190226b ||||| |||| 00| 0 spa d
040 _aMUNICIPALIDAD PROVINCIAL DEL CUSCO
_cBIBLIOTECA MUNICIPAL DEL CUSCO
082 _a330.982 /
_bP78
100 _aPortnoy, Leopoldo
_95043
245 _aAnálisis crítico de la economía argentina /
260 _aArgentina :
_bFondo de Cultura Económica,
_c1961.
300 _a198 páginas ;
_bGráficos
_c22.5 cm.
440 _aLa realidad argentina en el siglo XX
_n2
_95044
505 _aLas dos realidades -- El retorno (1959-1955) -- La gran ilusión (1955-1939) -- Los cajeros (1939-1930) -- La tierra y las vacas (hasta 1930) ...
650 _aArgentina
_9511
650 _aProducción
_91785
650 _aAgricultura
_9320
942 _2ddc
_cLIBROS
945 _aafb
_d2019-02-26